| 000 | 00418 a2200157 4500 | ||
|---|---|---|---|
| 020 | _a 014036711X | ||
| 040 |
_aDLC _bDLC |
||
| 082 | _a843.8 | ||
| 100 | _a Verne, Jules | ||
| 245 |
_aAround the world in eighty days _cJules ,Verne. |
||
| 260 |
_aNew York: _bPenhuin Books, _c1994. |
||
| 300 |
_a297 p. _c20 cm. |
||
| 500 | _aIncludes Index | ||
| 650 | _aVoyages around the world--Fiction. | ||
| 942 |
_cBK _k843.8 VER _2ddc |
||
| 999 |
_c5325 _d5325 |
||